000 00388 a2200133 4500
001 91419
082 _aPR 1316
090 _c43550
_d43549
100 _aAli Raza; Prof Rashid Mehmood, M. and Mazhar Abbas (Advisors)
245 _aDesign And Fabrication of a DC Servo Motor Controller
_n72 "B" EC
260 _aRawalpindi
_bNUST
_c2012
300 _axi, 46p
500 _aBE Project Reports
942 _aCAE NUST
_kPR 1316
999 _c326492
_d326492